[Event "Schleswig Holstein-ch U14"]
[Site "Neumuenster"]
[Date "2011.04.29"]
[Round "7"]
[White "Janke, Hendrik"]
[Black "Borukhson, David"]
[Result "1/2-1/2"]
[WhiteElo "1772"]
[BlackElo "1557"]
[PlyCount "113"]
[EventDate "2011.04.25"]
[EventType "tourn"]
[EventRounds "9"]
[EventCountry "GER"]
[SourceTitle "EXT 2023"]
[Source "ChessBase"]
[SourceDate "2022.10.05"]
[SourceVersion "1"]
[SourceVersionDate "2022.10.05"]
[SourceQuality "1"]

1. e4 c5 2. Nc3 e6 3. g3 d5 4. Bg2 d4 5. Nce2 e5 6. d3 Nc6 7. f4 exf4 8. Bxf4 Bd6 9. Nf3 f6 10. Qd2 Nge7 11. 0-0-0 a5 12. Rhf1 a4 13. c3 dxc3 14. Nxc3 a3 15. b3 Ng6 16. Bxd6 Qxd6 17. Rfe1 Ra5 18. Nd5 b5 19. Qc2 Bg4 20. Qf2 0-0 21. Rd2 Bxf3 22. Bxf3 Nge5 23. Bd1 Rd8 24. Qf5 Re8 25. Qf2 Nd4 26. Qf4 Rc8 27. Qe3 Ne6 28. Rc2 Raa8 29. Rf1 Nd4 30. Rcf2 Rf8 31. Rd2 Rac8 32. Kb1 Ne6 33. Rff2 Nc6 34. Bg4 Ncd4 35. Bxe6+ Qxe6 36. Rf1 Rfd8 37. Nf4 Qe5 38. Rdf2 Nf5 39. Qe1 Ne7 40. Qc1 Rd4 41. Qxa3 Rcd8 42. Kc2 Nc6 43. Qb2 Nb4+ 44. Kc1 g5 45. Nh5 Rf8 46. Rf3 Qd6 47. Qc3 g4 48. Re3 Rc8 49. a3 Na6 50. Rf2 Rf8 51. Nf4 b4 52. axb4 Nxb4 53. Rd2 Ra8 54. Kd1 Rc8 55. Ne2 Rc6 56. Nf4 Ra6 57. Ne2 1/2-1/2

[Event "GER-ch U12"]
[Site "Oberhof"]
[Date "2010.05.26"]
[Round "7"]
[White "Borukhson, David"]
[Black "Boehme, Matthias"]
[Result "1-0"]
[WhiteElo "1414"]
[BlackElo "1080"]
[PlyCount "67"]
[EventDate "2010.05.22"]
[EventType "swiss"]
[EventRounds "11"]
[EventCountry "GER"]
[SourceTitle "CBM 136 Extra"]
[Source "ChessBase"]
[SourceDate "2010.07.02"]
[SourceVersion "2"]
[SourceVersionDate "2010.07.15"]
[SourceQuality "1"]

1. e4 d5 2. exd5 Nf6 3. d4 Nxd5 4. Nf3 Bf5 5. Bd3 Qd7 6. Ne5 Qe6 7. 0-0 Nd7 8. Re1 Bxd3 9. Qxd3 f6 10. Nf3 Qc6 11. c4 N5b6 12. b3 0-0-0 13. Qc3 g5 14. d5 Qd6 15. Re6 Nxd5 16. cxd5 Qxd5 17. Re1 g4 18. Nd4 Ne5 19. Be3 Ng6 20. g3 e5 21. Ne2 f5 22. Rc1 c6 23. Bg5 Rd6 24. Nd2 a6 25. Be3 f4 26. gxf4 Nh4 27. Kf1 Qh1+ 28. Ng1 Qg2+ 29. Ke2 Rg8 30. Qxe5 g3 31. Qe8+ Rd8 32. Qe6+ Kc7 33. Qxg8 Be7 34. Qxg3 1-0

[Event "GER-ch U12"]
[Site "Oberhof"]
[Date "2010.05.24"]
[Round "4"]
[White "Mierzwa, Robert"]
[Black "Borukhson, David"]
[Result "0-1"]
[WhiteElo "1345"]
[BlackElo "1414"]
[PlyCount "62"]
[EventDate "2010.05.22"]
[EventType "swiss"]
[EventRounds "11"]
[EventCountry "GER"]
[SourceTitle "CBM 136 Extra"]
[Source "ChessBase"]
[SourceDate "2010.07.02"]
[SourceVersion "2"]
[SourceVersionDate "2010.07.15"]
[SourceQuality "1"]

1. Nf3 c5 2. g3 Nc6 3. Bg2 g6 4. e3 Bg7 5. d4 cxd4 6. exd4 d5 7. 0-0 Bg4 8. c3 Nf6 9. Bf4 0-0 10. Nbd2 Ne4 11. Re1 Nxd2 12. Qxd2 Re8 13. h3 Bf5 14. Rad1 f6 15. g4 Be4 16. Bg3 e5 17. dxe5 fxe5 18. Nh4 Bxg2 19. Nxg2 d4 20. Qd3 Qb6 21. Rd2 Rad8 22. Qc4+ Kh8 23. f3 dxc3+ 24. Bf2 Qc7 25. Rxd8 Qxd8 26. bxc3 Qf6 27. Bh4 g5 28. Bg3 Qxf3 29. Re3 Qf6 30. Qe2 Bf8 31. Ne1 Bc5 0-1

[Event "GER-ch U12"]
[Site "Oberhof"]
[Date "2010.05.23"]
[Round "1"]
[White "Borukhson, David"]
[Black "Hirschmann, Jakob"]
[Result "0-1"]
[WhiteElo "1414"]
[BlackElo "1770"]
[PlyCount "70"]
[EventDate "2010.05.22"]
[EventType "swiss"]
[EventRounds "11"]
[EventCountry "GER"]
[SourceTitle "CBM 136 Extra"]
[Source "ChessBase"]
[SourceDate "2010.07.02"]
[SourceVersion "2"]
[SourceVersionDate "2010.07.15"]
[SourceQuality "1"]

1. e4 e6 2. d4 d5 3. Nd2 Nf6 4. e5 Nfd7 5. f4 c5 6. c3 Nc6 7. Ndf3 Qb6 8. g3 cxd4 9. cxd4 Bb4+ 10. Kf2 f6 11. Kg2 Be7 12. Ne2 0-0 13. Nc3 Qd8 14. a3 fxe5 15. fxe5 b6 16. Bd3 Bb7 17. Be3 Qb8 18. Ne2 Qe8 19. Qc2 h6 20. Bg6 Qd8 21. Bh7+ Kh8 22. Nf4 Rxf4 23. Bxf4 Rc8 24. Qb1 g5 25. Be3 g4 26. Nd2 Bg5 27. Bxg5 Qxg5 28. Nb3 Nxd4 29. Nxd4 Qd2+ 30. Kg1 Qxd4+ 31. Kg2 Qd2+ 32. Kg1 Qe3+ 33. Kg2 d4+ 34. Kf1 Qf3+ 35. Ke1 Qxh1+ 0-1